| 000 | 00469nam a2200181Ia 4500 | ||
|---|---|---|---|
| 001 | 23100 | ||
| 005 | 20260414150915.0 | ||
| 008 | 260414t2006||||xx |||||||||||||| ||spa|| | ||
| 041 | _aESP | ||
| 082 |
_a624.1834 _bN48N |
||
| 100 |
_aNeville, Adam, _eAUT |
||
| 245 | 0 |
_aNeville on concrete : _bn examination of issues in concrete practice |
|
| 260 | _c2006 | ||
| 300 |
_aVarias paginaciones : _c24 cm. |
||
| 650 | _a0 | ||
| 654 | _aCIC | ||
| 942 |
_cLIB _dJUS _fJUS _2ddc _n |
||
| 999 |
_c23100 _d23100 |
||